Caricamento...

Individuals and societies

Dettagli Bibliografici
Autore principale: Chattopadhyaya, Debiprasad
Natura: Printed Book
Lingua:English
Pubblicazione: Bombay Allied 1967
Soggetti:
LEADER 00493nam a22001577a 4500
005 20151215125436.0
008 091208t xxu||||| |||| 00| 0 eng d
082 |a 305  |b CHA 
100 |a Chattopadhyaya, Debiprasad  |9 12855 
245 |a Individuals and societies 
300 |a viii, 196p. 
653 |a sociology 
942 |c BK  |6 _ 
260 |b Allied  |c 1967  |a Bombay 
999 |c 104158  |d 104158 
952 |0 0  |1 0  |2 ddc  |4 0  |6 305_CHA  |7 0  |9 131510  |a SMS  |b SMS  |c GEN  |d 2009-12-08  |o 305 CHA  |p SMS005858  |r 2009-12-08  |w 2009-12-08  |y BK